Areál športu - Zóna Rožňavská / Vajnorská

Saved in:
Bibliographic Details
Main Author: Bočková, Monika (Author)
Other Authors: Polakovič, Štefan (Thesis advisor)
Format: Manuscript Book
Language:Slovak
Published: Bratislava 2018
Subjects:
Online Access:http://is.stuba.sk/zp/portal_zp.pl?podrobnosti=140164
Tags: Add Tag
No Tags, Be the first to tag this record!

MARC

LEADER 00000ntm a22000003a 4500
001 stuzp68715
003 SK-STU
005 20201002110929.7
007 ta
008 150427s2015----xo-----f-mn---000-0-slo-d
040 |a STU  |b slo 
041 0 |a slo 
100 1 |a Bočková, Monika  |u 058180  |4 aut  |U FAD Fakulta architektúry  |T FA Ústav architektúry občianskych budov  |X 62070  |U A8180  |Y 399  |7 62070 
242 0 1 |a Sports center - Rožňavská / Vajnorská  |y eng 
245 1 0 |a Areál športu - Zóna Rožňavská / Vajnorská 
260 |c 2018  |a Bratislava 
650 4 |a areál športu  |2 slo 
650 4 |a futbalová tribúna  |2 slo 
650 4 |a krytá plaváreň  |2 slo 
650 4 |a sports complex  |2 eng 
650 4 |a football tribune  |2 eng 
650 4 |a covered swimming pool  |2 eng 
700 1 |a Polakovič, Štefan  |u 058180  |k Z2  |4 ths  |U FAD Fakulta architektúry  |T FA Ústav architektúry občianskych budov  |X 70902  |U A8180  |Y 399  |7 A000070902 
856 4 |u http://is.stuba.sk/zp/portal_zp.pl?podrobnosti=140164  |u https://opac.crzp.sk/?fn=detailBiblioForm&sid=752BE197E3AE405D458FF479404B